000 00475nam a2200169Ia 4500
003 GCL
008 140319s9999 xx 000 0 ara d
040 _aGCL /
_cGCL
082 0 4 _a157.7
_bى س
100 1 _aيوسف ميخائيل اسعد
245 1 0 _aسيكلولوجية الانتقام /
_cيوسف ميخائيل اسعد
490 _aكتاب
_v0
650 0 4 _aعلم النفس
650 0 4 _aالعدوانية
650 0 4 _aالانتقام
942 _2ddc
_cBK
999 _c42588
_d42588